| 000 | 00774cab a2200241 4500 | ||
|---|---|---|---|
| 001 | ABS51994 | ||
| 008 | 090401t1994 xxu||||| |||| 00| 0 eng d | ||
| 035 | _a(Sirsi) u54065 | ||
| 041 | _aeng | ||
| 100 | _aAldridge, T. | ||
| 245 | _aConveyancing: a new Act (1) | ||
| 260 | _c1994 | ||
| 350 | _a0 | ||
| 490 |
_aSolicitors` Journal _v138(46) 2 December 1994, 1230-1231(2) |
||
| 520 | _aConsiders imlplied covenants for title under the Law of Property (Miscellaneous Provisions) Act 1994, taking effect 1 July 1995. | ||
| 650 | _aBENEFICIAL OWNERS | ||
| 650 | _aCONVEYANCING | ||
| 650 | _aIMPLIED COVENANTS FOR TITLE | ||
| 650 | _aLAW OF PROPERTY (MISCELLANEOUS PROVISIONS) ACT 1994 | ||
| 690 | _aPROPERTY LAW AND PRACTICE | ||
| 942 | _n0 | ||
| 948 | _c04/03/1997 | ||
| 999 |
_c33160 _d33160 |
||